00392nam a2200133Ia 4500008004100000020001500041041000800056082001900064100003300083245008400116250000600200260004100206300001100247210716s1996 xx 000 0 und d a812371596X aeng a003.70508 KUMA aKumar Arvind: Ghaisas Anand. aChaos fractals and self organistion.bNew perspectives on complexity in nature. a1 aNew DelhibNational book trustc1996 ax, 186